000 00540nam a22001937a 4500
005 20230213080229.0
008 230213b ||||||| |||| 00| 0 eng d
020 _a978-0-14-241980-9
082 _aFic. C915 2010
100 _aCremer, Andrea R.
_eauthor
245 _aNightshade /
_cAndrea R. Cremer
260 _aNew York:
_bPenguin,
_cc2010
300 _a[470]p:
_bill.
541 _e5299
650 _aWolves - Fiction
650 _aSupernatural - Fiction
650 _aIdentity - Fiction
650 _aInterpersonal relations - Fiction
999 _c1059
_d1059